The Story of Tonight Lyrics (Hamilton) - Statistics

General Stats
  • This quiz has been taken 39 times
  • The average score is 138 of 162
Answer Stats
Lyrics % Correct
the
100%
they
100%
to
100%
a
95%
no
95%
of
95%
story
95%
tell
95%
tonight
95%
tonight!
95%
I
90%
not
85%
our
85%
they'll
85%
theyll
85%
And
80%
freedom
80%
glass
80%
have
80%
live
80%
may
80%
raise
80%
see
80%
what
80%
when
80%
will
80%
you
80%
another
75%
can
75%
four
75%
lets
75%
round
75%
something
75%
us
75%
be
70%
but
70%
children
70%
fight
70%
gladly
70%
glory
70%
join
70%
matter
70%
more
70%
never
70%
take
70%
away
65%
tomorrow
65%
telling
60%
tomorrow
50%
No matching quizzes found
Score Distribution
Percent of People with Each Score
Percentile by Number Answered
Your Score History
You have not taken this quiz